LEADER 01302nam--2200409---450- 001 990005776780203316 005 20121107103942.0 035 $a000577678 035 $aUSA01000577678 035 $a(ALEPH)000577678USA01 035 $a000577678 100 $a20121107d1983----km-y0itay50------ba 101 $ager 101 $aDE 105 $a||||||||001yy 200 1 $a<> antike Kunstprosa$evom 6. Jahrhundert v. Chr. bis in die Zeit der Renaissance$fEduard Norden 205 $a9. unveranderte Aufl 210 $aDarmstadt$cWissenschaftliche Buchgesellschaft$d1983 215 $avolumi$d23 cm 327 $aEster Band: XX, 450, 22 p.$aZweiter Band: 452-968, 20 p. 606 0 $aProsa greca$2BNCF 606 0 $aProsa latina 676 $a888.008 700 1$aNORDEN,$bEduard$0153884 801 0$aIT$bsalbc$gISBD 912 $a990005776780203316 951 $aXV.8. 132 1$b222231 L.M.$cXV.8. 951 $aXV.8. 132 2$b222232 l.M.$cXV.8. 959 $aBK 969 $aFSO 979 $aIANNONE$b90$c20121107$lUSA01$h1019 979 $aIANNONE$b90$c20121107$lUSA01$h1024 979 $aIANNONE$b90$c20121107$lUSA01$h1038 979 $aIANNONE$b90$c20121107$lUSA01$h1039 979 $aIANNONE$b90$c20121107$lUSA01$h1039 996 $aAntike Kunstprosa$9548825 997 $aUNISA